Đô thị thông minh - Đô thị của tương lai
Nội dung cuốn sách giới thiệu tổng quan về đô thị thông minh, cấu trúc và thành phần, xu hướng và các thách thức của đô thị thông minh đang đối mặt, cũng như thực trạng phát triển đô thị thông minh tại Việt Nam và kinh nghiệm của các quốc g...
Saved in:
| Main Author: | |
|---|---|
| Other Authors: | |
| Format: | Book |
| Language: | Vietnamese |
| Published: |
H.
Thông tin và Truyền thông
2025
|
| Subjects: | |
| Tags: |
Add Tag
No Tags, Be the first to tag this record!
|
| Institutions: | Thư viện Trường Đại học Nam Cần Thơ |
|---|
| LEADER | 01320nam a22002057a 4500 | ||
|---|---|---|---|
| 001 | NCT_4_018006 | ||
| 008 | 250418b xxu||||| |||| 00| 0 vie d | ||
| 999 | |c 8864 |d 8864 | ||
| 020 | |a 9786044997797 | ||
| 082 | 0 | 4 | |2 23rd ed. |a 307.76 |b Qu106 |
| 100 | 1 | |a Nguyễn Nhật Quang | |
| 245 | |a Đô thị thông minh - Đô thị của tương lai |c Nguyễn Nhật Quang, Phạm Duy Trung | ||
| 260 | |a H. |b Thông tin và Truyền thông |c 2025 | ||
| 300 | |a 187 tr. |b bảng, sơ đồ |c 21 cm. | ||
| 520 | 3 | |a Nội dung cuốn sách giới thiệu tổng quan về đô thị thông minh, cấu trúc và thành phần, xu hướng và các thách thức của đô thị thông minh đang đối mặt, cũng như thực trạng phát triển đô thị thông minh tại Việt Nam và kinh nghiệm của các quốc gia trên thế giới, từ đó đưa ra một số giải pháp xây dựng đô thị thông minh tại Việt Nam. | |
| 653 | |a Quản lý đất đai | ||
| 700 | 1 | |a Phạm Duy Trung | |
| 942 | |2 ddc |c BK | ||
| 952 | |0 0 |1 0 |2 ddc |4 0 |6 307_760000000000000_QU106 |7 0 |9 30517 |a 000001 |b 000001 |d 2025-04-18 |o 307.76 Qu106 |p MD.23668 |r 2025-04-18 |w 2025-04-18 |y BK | ||
| 980 | |a Thư viện Trường Đại học Nam Cần Thơ | ||


